Score 0/10 Timer 10:00
0 Plays Today
State Name of School % Correct
PennsylvaniaPennsylvania State University: University Park
85.9%
MississippiUniversity of Mississippi
64.1%
West VirginiaWest Virginia University
63.5%
FloridaUniversity of Florida
61.7%
GeorgiaUniversity of Georgia
54.9%
WisconsinUniversity of Wisconsin Madison
53.4%
TexasThe University of Texas at Austin
52.5%
FloridaFlorida State University
40.2%
CaliforniaUniversity of California Santa Barbara
30.7%
OhioOhio University Athens
27.6%
Remove Ads.
Support Sporcle.
Get the best of Sporcle when you Go Orange. This ad-free experience offers more features, more stats, and more fun while also helping to support Sporcle. Thank you for becoming a member.

You're not logged in!

Compare scores with friends on all Sporcle quizzes.
OR
Log In

Show Comments

Extras

Top Quizzes Today


Score Distribution

Your Account Isn't Verified!

In order to create a playlist on Sporcle, you need to verify the email address you used during registration. Go to your Sporcle Settings to finish the process.

Report this User

Report this user for behavior that violates our Community Guidelines.

Details: